000 00416nam a2200181Ia 4500
005 20250423094752.0
008 250422s9999 xx 000 0 und d
020 _a9789374736241
050 _aRC 660 .R36/
100 _aRaman, P.G.
245 0 _aClinical diabetes
260 _aNew Delhi
260 _bAITBS Publishers, India
260 _c2018
300 _a238 p
650 _a Diabetes.
942 _cBK
999 _c28238
_d28238